[Event "Czech Open G1 Rapid 2013"]
[Site "Pardubice CZE"]
[Date "2013.07.18"]
[Round "4.40"]
[White "Nun,Ji"]
[Black "Klukin,Kirill"]
[Result "1-0"]
[WhiteElo "2387"]
[BlackElo "1983"]

1.e4 c5 2.Nf3 Nc6 3.Bb5 g6 4.Bxc6 dxc6 5.O-O Bg7 6.h3 e5 7.d3 Qe7 8.a3 Nf6
9.b4 Nd7 10.Nbd2 O-O 11.Nc4 Rd8 12.Qe1 Nb6 13.Na5 cxb4 14.axb4 Be6 15.Be3 f6
16.Qc3 Bf8 17.Bc5 Qc7 18.Rfb1 Nd7 19.Bxf8 Rxf8 20.Ra3 Rfc8 21.Nd2 b6 22.Nac4 Rcb8
23.Rba1 Rb7 24.Nb3 Rc8 25.d4 a5 26.bxa5 b5 27.Nb6 Nxb6 28.axb6 Rxb6 29.Ra7 Qd6
30.dxe5 fxe5 31.Nc5 b4 32.Qe3 Bf7 33.Rd7 Qf6 34.Raa7 Rf8 35.Rdc7  1-0

[Event "Czech Open G1 Rapid 2013"]
[Site "Pardubice CZE"]
[Date "2013.07.18"]
[Round "5.33"]
[White "Jaracz,B"]
[Black "Zwardon,V"]
[Result "0-1"]
[WhiteElo "2270"]
[BlackElo "2391"]

1.e4 c5 2.Nf3 Nc6 3.Bb5 g6 4.Bxc6 dxc6 5.d3 Bg7 6.h3 Nf6 7.Nc3 O-O 8.Be3 b6
9.Qd2 e5 10.Bh6 Qd6 11.Bxg7 Kxg7 12.O-O-O b5 13.g4 Be6 14.Kb1 a5 15.Nh4 Rfd8
16.Rhg1 c4 17.Qe3 Qd4 18.Nf3 Qxe3 19.fxe3 b4 20.Na4 b3 21.axb3 cxd3 22.Rxd3 Nxe4
23.Nxe5 Rxd3 24.Nxd3 Re8 25.Nac5 Ng5 26.Rg3 Bd5 27.Kc1 Nf3 28.c4 Rxe3 29.cxd5 cxd5
30.Rg2 Nd4 31.h4 Rh3 32.h5 gxh5 33.gxh5+ Kh6 34.Nf4 Rh4 35.Ncd3 Nxb3+ 36.Kc2 Nc5
37.Nxc5 Rxf4 38.Rd2 Rc4+ 39.Kd3 Rxc5 40.Kd4 Rb5 41.Rh2 f6 42.Kc3 Kg5 43.Kd4 h6
44.Kc3 Rb4  0-1

[Event "Czech Open G1 Rapid 2013"]
[Site "Pardubice CZE"]
[Date "2013.07.18"]
[Round "5.22"]
[White "Zakhartsov,Vl"]
[Black "Nun,Ji"]
[Result "1-0"]
[WhiteElo "2324"]
[BlackElo "2387"]

1.e4 c5 2.Nf3 Nc6 3.Bb5 Na5 4.c3 a6 5.Bd3 b5 6.O-O Bb7 7.Bc2 e6 8.d4 cxd4
9.cxd4 d6 10.a4 b4 11.d5 e5 12.Qe1 Rb8 13.Bd2 Nc4 14.Bxb4 Nxb2 15.Na3 Rc8
16.Rb1 Nc4 17.Nxc4 Rxc4 18.Bd3 Rc8 19.Nxe5 dxe5 20.Bxf8 Kxf8 21.Rxb7 a5 22.Ra7 Ra8
23.Rxa8 Qxa8 24.Qc3 f6 25.Rc1 Nh6 26.Qc7 Nf7 27.Rb1 Qd8 28.Rb8  1-0

[Event "Czech Open G1 Rapid 2013"]
[Site "Pardubice CZE"]
[Date "2013.07.18"]
[Round "7.24"]
[White "Savitskiy,S"]
[Black "Nun,Ji"]
[Result "1-0"]
[WhiteElo "2351"]
[BlackElo "2387"]

1.e4 c5 2.Nf3 Nc6 3.Bb5 Na5 4.c3 a6 5.Be2 e6 6.O-O Nf6 7.e5 Nd5 8.d4 cxd4
9.Qxd4 Nc6 10.Qe4 f5 11.exf6 Nxf6 12.Qh4 Be7 13.Bg5 d5 14.Bd3 Qb6 15.b4 Bd7
16.Bg6+ Kd8 17.Bc2 h6 18.Nbd2 Qc7 19.Rfe1 Rf8 20.Bf4 Bd6 21.Bxd6 Qxd6 22.Rad1 Qe7
23.a3 Rc8 24.c4 Rc7 25.Bb3 dxc4 26.Nxc4 b5 27.Nb6 e5 28.Nxd7 Rxd7 29.Rxd7+ Nxd7
30.Qe4 Qf6 31.Kh1 Ncb8 32.h3 g5 33.Rd1 Re8 34.Qb7 Ke7 35.Qe4 Rg8  1-0

[Event "Czech Open G1 Rapid 2013"]
[Site "Pardubice CZE"]
[Date "2013.07.18"]
[Round "8.6"]
[White "Chernyshov,K"]
[Black "Vorobiov,E"]
[Result "0-1"]
[WhiteElo "2514"]
[BlackElo "2585"]

1.e4 c5 2.Nf3 Nc6 3.Bb5 e6 4.Bxc6 bxc6 5.O-O Ne7 6.d3 Ng6 7.Nbd2 e5 8.Nc4 f6
9.Ne3 d5 10.c4 dxe4 11.dxe4 Qxd1 12.Rxd1 Nf4 13.Kf1 Ne6 14.b3 a5 15.Ba3 Nd4
16.Ne1 a4 17.Rdb1 axb3 18.axb3 Rb8 19.Nd3 Rxb3 20.Bxc5 Rxd3 21.Rb8 Kd7 22.Ra7+ Ke6
23.Bxd4 Bd6 24.Rxc8 Rxc8 25.Bb6 Bf8 26.c5 Rd7 27.Ra2 g6 28.f3 Rd3 29.Ke2 Rc3
30.Kd2 Rb3 31.Nd1 Rb4 32.Kc3 Rd4 33.Ne3 f5 34.Nc2 Rd7 35.Ra4 Be7 36.Ne3 h5
37.h3 Bg5 38.Nc4 fxe4 39.fxe4 Rf8 40.Ra2 Rf1 41.Na5 Rc1+ 42.Kb3 Rd3+ 43.Ka4 Rd4+
44.Kb3 Kd7 45.Rf2 Bf4 46.g3 Rd3+ 47.Kb2 Rxg3 48.Rxf4 exf4 49.Kxc1 Rxh3 50.Kd2 Re3
51.Ba7 h4 52.Bb8 g5 53.Nc4 Rxe4  0-1

[Event "Czech Open G1 Rapid 2013"]
[Site "Pardubice CZE"]
[Date "2013.07.18"]
[Round "9.43"]
[White "Vala,F"]
[Black "Ageichenko,G"]
[Result "1/2-1/2"]
[WhiteElo "2110"]
[BlackElo "2298"]

1.e4 c5 2.Nf3 Nc6 3.Bb5 e6 4.O-O Nge7 5.Re1 a6 6.Bf1 d5 7.exd5 Nxd5 8.d4 Nf6
9.Be3 cxd4 10.Nxd4 Nxd4 11.Qxd4 Qxd4 12.Bxd4 Bd7 13.g3 Rc8 14.Bg2 Bc6 15.c3 Bxg2
16.Kxg2 Bc5 17.Bxc5 Rxc5 18.Nd2 Ke7 19.Ne4 Rd5 20.Nxf6 Kxf6 21.Rad1 Rhd8
22.Rxd5 Rxd5 23.Re2 b5 24.Kf3 g5 25.Ke3 Ke5 26.b3 Rd1 27.c4 f5 28.c5 b4 29.Rc2 f4+
30.gxf4+ gxf4+ 31.Kf3 Rd3+ 32.Kg4 Rc3 33.Re2+ Kf6 34.Kxf4 Rxc5 35.Rd2 a5
36.Ke4 Re5+ 37.Kf4 Rf5+ 38.Ke4 Rh5 39.f4 Rh3 40.Rf2 Rh4 41.Rc2 h5 42.Kf3 Rh3+
43.Ke4 h4 44.Rf2 Rc3 45.f5 a4 46.fxe6+ Kxe6 47.bxa4 Ra3 48.Kd4 Rxa4 49.Kc4 Ke5
50.Kb3 Ra8 51.Kxb4 Rb8+ 52.Kc4 Ra8 53.Kb3 Rb8+ 54.Kc2 Ra8 55.Kb2 Rb8+ 56.Kc3 Ra8
57.Kb4 Rb8+ 58.Kc5 Rc8+ 59.Kb6 Ra8 60.Kb7 Ra3 61.Kc6 Ke4 62.Kb5 h3 63.Re2+ Kf3
64.Rb2 Ra8 65.Kc4 Rg8 66.a4 Rg2 67.Rb3+ Kg4 68.a5 Rxh2 69.a6 Rc2+ 70.Kb5 h2
71.Rb1 Rb2+ 72.Rxb2 h1=Q 73.Rb4+ Kf5 74.Ka5 Qg1 75.Rb7 Ke6 76.a7 Qa1+ 77.Kb6 Kd6
78.Rb8 Qd4+ 79.Ka6 Qa4+ 80.Kb6 Qb4+ 81.Ka6 Qc4+ 82.Kb6 Qc7+ 83.Ka6 Qc4+ 84.Kb6 Qd4+
85.Ka6 Qd3+ 86.Rb5 Qe4 87.Rb8 Qc4+ 88.Kb6 Qb4+ 89.Ka6 Qa3+ 90.Kb6 Qe3+ 91.Ka6 Qd3+
92.Kb6 Qe3+ 93.Ka6 Qe2+ 94.Kb6 Qe3+ 95.Ka6 Qd3+ 96.Kb6 Qd4+ 97.Ka6 Qc4+ 98.Kb6  1/2-1/2

[Event "36th Taminco Open"]
[Site "Ghent BEL"]
[Date "2013.07.20"]
[Round "1.3"]
[White "Popovic,Du"]
[Black "Legemaat,Gerrit"]
[Result "1-0"]
[WhiteElo "2568"]
[BlackElo "1913"]

1.e4 c5 2.Nf3 Nc6 3.Bb5 e6 4.c3 Nge7 5.O-O a6 6.Ba4 b5 7.Bc2 Ng6 8.Re1 d6
9.d4 e5 10.d5 Na5 11.Nbd2 Be7 12.b4 Nb7 13.a4 Bd7 14.g3 a5 15.axb5 axb4 16.Rb1 bxc3
17.Nc4 Na5 18.Na3 O-O 19.Qd3 f5 20.exf5 Bxf5 21.Qxc3 Bxc2 22.Nxc2 Bf6 23.Re4 Ne7
24.Ne3 g6 25.Qd3 Nf5 26.Bd2 Nb7 27.Nc4 Ne7 28.Ng5 Bxg5 29.Bxg5 Qe8 30.f4 Rf5
31.g4 Rxg5 32.fxg5 Qf7 33.Ne3 Qf3 34.Rf1 Qh3 35.Qd2 Rf8 36.Rxf8+ Kxf8 37.Qg2 Qh4
38.Qf2+ Qxf2+ 39.Kxf2 Ke8 40.Ra4 Kd7 41.Kf3 Kc7 42.Ra6 c4 43.b6+ Kb8 44.Ra4 c3
45.Rc4 Nc5 46.Rxc3 Kb7 47.Rxc5 dxc5 48.Ke4 Kxb6 49.Kxe5 Kb5 50.Ke6 Nc8 51.d6 Na7
52.d7 Nc6 53.Kf6 c4 54.Kg7 c3 55.Kxh7 Kc5 56.h4 Kd4 57.Nc2+ Ke5 58.h5 gxh5
59.gxh5 Nd8 60.g6 Kf6 61.g7  1-0

[Event "Open Desko Liberec 2013"]
[Site "Liberec CZE"]
[Date "2013.07.20"]
[Round "1.3"]
[White "Pribyl,Jo"]
[Black "Svec,L"]
[Result "1-0"]
[WhiteElo "2318"]
[BlackElo "1767"]

1.e4 c5 2.Nf3 Nc6 3.Bb5 e6 4.Bxc6 bxc6 5.O-O d6 6.e5 Ne7 7.exd6 Ng6 8.d3 Bxd6
9.Nbd2 O-O 10.Ne4 f5 11.Nxd6 Qxd6 12.Re1 e5 13.b3 Bd7 14.Bb2 Rae8 15.Qd2 Rf7
16.Qc3 Qd5 17.Nxe5 Nxe5 18.Rxe5 Rxe5 19.Qxe5 Qxe5 20.Bxe5 f4 21.f3 g5 22.Re1 Re7
23.Kf2 Kf7 24.h4 Kg6 25.hxg5 Re6 26.Bxf4 Rxe1 27.Kxe1 Kf5 28.Be3  1-0

[Event "28th Avoine Open"]
[Site "Avoine FRA"]
[Date "2013.07.21"]
[Round "2.45"]
[White "Peyre,T"]
[Black "Mauffrey,H"]
[Result "1-0"]
[WhiteElo "2098"]
[BlackElo "1901"]

1.e4 c5 2.Nf3 Nc6 3.Bb5 g6 4.Bxc6 bxc6 5.Nc3 Bg7 6.O-O e5 7.d3 d6 8.h3 Ne7
9.Nh2 O-O 10.f4 f5 11.fxe5 Bxe5 12.Bh6 Bg7 13.Qd2 Rb8 14.Bxg7 Kxg7 15.exf5 Nxf5
16.Ne4 d5 17.Qc3+ Kg8 18.Nxc5 Qh4 19.Nf3 Qb4 20.Qxb4 Rxb4 21.Rab1 Ne3 22.Rf2 Rbf4
23.Re1 d4 24.Ne4 Bxh3 25.Nxd4 Nxg2 26.Rxg2 Bxg2 27.Kxg2 g5 28.Ne6 Rg4+ 29.Kh3 Rh4+
30.Kg3 Rf5 31.N4xg5 Ra4 32.Rh1 Rxa2 33.Rxh7 Rxg5+ 34.Nxg5 Rxb2 35.Rxa7 Rxc2
36.Kf4 Rd2 37.Ke3 Rg2 38.Ne4 Kf8 39.Rc7 Rg6 40.Kd4 Ke8 41.Kc5  1-0

[Event "DSK GM Open 2013"]
[Site "Cape Town RSA"]
[Date "2013.07.21"]
[Round "2.5"]
[White "Arnold,Mar"]
[Black "Cawdery,D"]
[Result "1-0"]
[WhiteElo "2525"]
[BlackElo "2345"]

1.e4 c5 2.Nf3 Nc6 3.Bb5 g6 4.c3 Bg7 5.O-O Nf6 6.Re1 O-O 7.h3 d5 8.e5 Ne8
9.d4 cxd4 10.cxd4 Nc7 11.Bf1 Ne6 12.b3 f6 13.Nc3 fxe5 14.dxe5 Nc7 15.Bb2 Be6
16.Qe2 Qe8 17.Rad1 Rd8 18.Qe3 h6 19.Ne2 g5 20.Nfd4 Nxd4 21.Nxd4 Qd7 22.Rc1 Rc8
23.Bd3 a6 24.Bb1 Rf7 25.Qd3 Nb5 26.Qh7+ Kf8 27.Nxe6+ Qxe6 28.Qg6  1-0

[Event "31st Andorra Open"]
[Site "La Massana AND"]
[Date "2013.07.21"]
[Round "2.20"]
[White "Garcia Amoros,P"]
[Black "Wegerle,J"]
[Result "0-1"]
[WhiteElo "2159"]
[BlackElo "2445"]

1.e4 c5 2.Nf3 Nc6 3.Bb5 Qb6 4.Nc3 e6 5.O-O Nge7 6.Re1 a6 7.Bf1 Ng6 8.b3 Be7
9.Bb2 O-O 10.e5 Qc7 11.Bd3 f5 12.exf6 Bxf6 13.Bxg6 hxg6 14.Na4 Nd4 15.Nxd4 cxd4
16.Ba3 d6 17.Nb2 b5 18.Nd3 e5 19.f4 Re8 20.Nf2 Bb7 21.Qg4 Qxc2 22.d3 exf4
23.Bxd6 g5 24.h4 Qc6 25.Ba3 Re3 26.Rac1 Qe8 27.Bb4 Bc8 28.Qd1 gxh4 29.Ne4 Bf5
30.Rxe3 dxe3 31.Nxf6+ gxf6 32.Rc7 e2 33.Qe1 Qe3+ 34.Qf2 Re8 35.Be1 Bxd3 36.Qxe3 Rxe3
37.Rc6 Be4 38.Rxf6 Rg3 39.Bxg3 hxg3  0-1

[Event "7th LCT 2013"]
[Site "Leiden NED"]
[Date "2013.07.21"]
[Round "9.8"]
[White "Wilschut,P"]
[Black "Wiersma,E"]
[Result "1/2-1/2"]
[WhiteElo "2232"]
[BlackElo "2374"]

1.e4 c5 2.Nf3 Nc6 3.Bb5 g6 4.Bxc6 bxc6 5.O-O Bg7 6.Re1 Nf6 7.e5 Nd5 8.c4 Nc7
9.d4 cxd4 10.Qxd4 Ne6 11.Qh4 d6 12.exd6 Qxd6 13.Nc3 Rb8 14.Ng5 Qd3 15.Nce4 h6
16.Nxe6 Bxe6 17.Nc5 Qxc4  1/2-1/2

[Event "Minsk Open 2013"]
[Site "Minsk BLR"]
[Date "2013.07.21"]
[Round "9.15"]
[White "Aliavdin,N"]
[Black "Matviishen,Viktor"]
[Result "1-0"]
[WhiteElo "2349"]
[BlackElo "2079"]

1.e4 c5 2.Nf3 Nc6 3.Bb5 d6 4.d4 cxd4 5.Qxd4 Bd7 6.Bxc6 Bxc6 7.Nc3 Nf6 8.Bg5 e6
9.O-O-O Be7 10.Qd3 a6 11.Nd4 Qc7 12.f4 O-O-O 13.f5 Bd7 14.Kb1 h6 15.Bh4 Kb8
16.Rhf1 Rc8 17.h3 b5 18.a4 b4 19.Na2 Qb7 20.Qb3 a5 21.Rfe1 e5 22.Nb5 Bc6
23.Bxf6 gxf6 24.Qd3 Rhd8 25.c4 Qb6 26.Nc1 Rd7 27.Nb3 Bf8 28.Qe3 Kb7 29.g4 Bxb5
30.cxb5 Qxe3 31.Rxe3 Kb6 32.Red3 Rc4 33.Nd2 Rc5 34.Rc1 Rxc1+ 35.Kxc1 Rc7+
36.Kd1 Be7 37.b3 Rc3 38.Nc4+  1-0

[Event "6th Paleochora Open"]
[Site "Paleochora GRE"]
[Date "2013.07.22"]
[Round "5.13"]
[White "Berset,P"]
[Black "Pap,M"]
[Result "0-1"]
[WhiteElo "2129"]
[BlackElo "2489"]

1.e4 c5 2.Nf3 Nc6 3.Bb5 g6 4.Bxc6 dxc6 5.d3 Bg7 6.h3 e5 7.Nc3 Qe7 8.Be3 Nf6
9.Qd2 O-O 10.Bh6 Re8 11.Bxg7 Kxg7 12.O-O Nh5 13.Ne2 Qf6 14.Nh2 Nf4 15.Nxf4 exf4
16.Ng4 Bxg4 17.hxg4 Rad8 18.Qc3 Re5 19.Rfe1 Rd4 20.Rab1 h5 21.gxh5 Rxh5 22.f3 Qh4
23.Qd2 Qh2+ 24.Kf1 Rg5 25.Qf2 Rd8 26.Qg1 Rh8 27.b4 Qg3 28.bxc5 Rh2 29.Qd4+ Kh7
30.Qf2 Qxf2+ 31.Kxf2 Rhxg2+ 32.Kf1 Rg1+ 33.Ke2 R5g2+ 34.Kd1 Rxe1+  0-1

[Event "VIII Vladimir Dvorkovich Open"]
[Site "Taganrog RUS"]
[Date "2013.07.22"]
[Round "1.23"]
[White "Esipenko,Andrey"]
[Black "Babkin,Anatoliy"]
[Result "1-0"]
[WhiteElo "2203"]
[BlackElo "1822"]

1.e4 c5 2.Nf3 Nc6 3.Bb5 g6 4.O-O Bg7 5.c3 Nf6 6.Re1 O-O 7.Bxc6 bxc6 8.d3 d6
9.e5 Ng4 10.exd6 exd6 11.Bf4 Bf5 12.Qd2 Qd7 13.Na3 Rfe8 14.Red1 d5 15.Nc2 Ne5
16.Nxe5 Bxe5 17.Bxe5 Rxe5 18.Ne3 Rae8 19.d4 cxd4 20.cxd4 Re4 21.Rac1 Kg7
22.Rc3 Rh4 23.g3 Rh6 24.Rdc1 Be4 25.f4 Qh3 26.Qf2 Qh5 27.Rxc6 Bd3 28.Re1 Re4
29.Rc3 Bb5 30.h4 Rxd4 31.Nf5+ gxf5 32.Qxd4+ Rf6 33.a4 Bc6 34.Rxc6  1-0

[Event "28th Avoine Open"]
[Site "Avoine FRA"]
[Date "2013.07.23"]
[Round "4.42"]
[White "Messinger,K"]
[Black "Auvray,H"]
[Result "1/2-1/2"]
[WhiteElo "2119"]
[BlackElo "1835"]

1.e4 c5 2.Nf3 Nc6 3.Bb5 Nd4 4.Nxd4 cxd4 5.O-O e6 6.d3 a6 7.Ba4 b5 8.Bb3 Bb7
9.Nd2 Bc5 10.f4 Nf6 11.f5 O-O 12.g4 h6 13.Qf3 e5 14.h4 d5 15.g5 dxe4 16.dxe4 Ne8
17.Qh5 d3+ 18.Kh2 Be3 19.f6 Bf4+ 20.Rxf4 exf4 21.fxg7 Nxg7 22.Qxh6 Qd4 23.g6 Qf2+
24.Kh3 Qe1 25.Kh2 Qf2+ 26.Kh1 Qe1+ 27.Kg2 Qg3+ 28.Kf1 Qh3+ 29.Kg1  1/2-1/2

[Event "28th Avoine Open"]
[Site "Avoine FRA"]
[Date "2013.07.23"]
[Round "4.36"]
[White "Grollemund,B"]
[Black "Le Talbodec,E"]
[Result "1-0"]
[WhiteElo "2163"]
[BlackElo "1847"]

1.e4 c5 2.Nf3 Nc6 3.Bb5 Qc7 4.O-O d6 5.c3 a6 6.Ba4 Nf6 7.Re1 Bg4 8.d3 g6
9.h3 Bd7 10.d4 cxd4 11.cxd4 Bg7 12.e5 Nd5 13.Bb3 Nb6 14.Bxf7+ Kxf7 15.e6+ Ke8
16.exd7+ Qxd7 17.Nc3 Bf6 18.Qb3 Nc8 19.Nd5 Bg7 20.Bh6 e5 21.dxe5 dxe5 22.Rad1 Qf7
23.Ng5  1-0

[Event "28th Avoine Open"]
[Site "Avoine FRA"]
[Date "2013.07.23"]
[Round "4.19"]
[White "Le Borgne,P"]
[Black "Kaulich,P"]
[Result "1-0"]
[WhiteElo "2254"]
[BlackElo "2079"]

1.e4 c5 2.Nf3 Nc6 3.Bb5 g6 4.Bxc6 dxc6 5.d3 Bg7 6.O-O e5 7.h3 Qe7 8.Be3 Nf6
9.Qd2 Nd7 10.Nc3 Nf8 11.a3 Ne6 12.b4 cxb4 13.axb4 Qxb4 14.Rfb1 Qe7 15.Na4 b5
16.Nb6 Rb8 17.Nxc8 Rxc8 18.Rxa7 Qd6 19.Ra6 Qd7 20.Qb4 f6 21.Rba1 Bf8 22.Qc3 Be7
23.Ra7 Qd6 24.Rb7 Kf7 25.Raa7 Rc7 26.Rxc7 Nxc7 27.Bc5 Qxc5 28.Qxc5 Bxc5 29.Rxc7+ Be7
30.Rxc6 h5 31.g4 hxg4 32.hxg4 Rb8 33.Kg2 Ke8 34.g5 Kf7 35.gxf6 Bxf6 36.Nh2 b4
37.Ng4 Bh8 38.Kg3 b3 39.cxb3 Rxb3 40.Rd6 Rb7 41.Kh4 Ke7 42.Rxg6 Rd7 43.Rg8 Bf6+
44.Nxf6 Kxf6 45.Rg3 Ke6 46.Kh3 Kd6 47.Rg5 Ra7 48.Kg4 Ra2 49.f4 exf4 50.Kxf4 Rf2+
51.Ke3  1-0

[Event "15th TCh-Eur Senior"]
[Site "Dresden GER"]
[Date "2013.07.23"]
[Round "4"]
[White "Van Kemenade,R"]
[Black "Fitzke,U"]
[Result "1-0"]
[WhiteElo "2018"]
[BlackElo "2003"]

1.e4 c5 2.Nf3 Nc6 3.Bb5 Qc7 4.O-O d6 5.c3 Nf6 6.Re1 Bd7 7.h3 g6 8.d4 cxd4
9.cxd4 Bg7 10.Nc3 O-O 11.Be3 a6 12.Bf1 Rac8 13.Rc1 Qa5 14.d5 Nb8 15.Qb3 b5
16.a3 Be8 17.Nd4 Nfd7 18.Qa2 Ne5 19.b4 Qd8 20.Nb1 h5 21.Rxc8 Qxc8 22.Rc1 Qb7
23.Nd2 Kh7 24.N2b3 Bh6 25.Na5 Qa8 26.Bxh6 Kxh6 27.Rc7 Ned7 28.Qd2+ Kh7 29.Qe3 Rg8
30.Nf5 gxf5 31.Ra7 Qxa7 32.Qxa7 fxe4 33.Nc6 Nxc6 34.dxc6 Ne5 35.Qxe7 Bxc6
36.Qxd6 Nf3+ 37.Kh1 Rg6 38.Qd1 Ng5 39.Qxh5+ Kg8 40.Be2 Ne6 41.Qe5 Rg5 42.Qb8+ Kg7
43.Bg4 f5 44.Qd6 fxg4 45.Qxc6 Kf6 46.h4 Re5 47.Qxa6 Kf5 48.Qa7 e3 49.fxe3 g3
50.Kg1 Ke4 51.Qf7 Kd3 52.Qg6+ Re4 53.Qxg3 Rxe3 54.Qg6+ Kd2 55.h5 Nf4 56.Qd6+ Nd3
57.h6 Re1+ 58.Kh2 Re5 59.g4 Re2+ 60.Kg3 Re3+ 61.Kh4 Re1 62.Qh2+ Re2 63.Qxe2+ Kxe2
64.h7 Nf4 65.Kg5 Ne6+ 66.Kf6  1-0

[Event "36th Taminco Open"]
[Site "Ghent BEL"]
[Date "2013.07.23"]
[Round "7.1"]
[White "Sedlak,N"]
[Black "Ikonnikov,Vy"]
[Result "1-0"]
[WhiteElo "2581"]
[BlackElo "2548"]

1.e4 c5 2.Nf3 Nc6 3.Bb5 g6 4.Bxc6 dxc6 5.d3 Nh6 6.h3 f6 7.Be3 e5 8.a3 Nf7
9.Nbd2 Be6 10.O-O a5 11.Qe2 g5 12.c3 h5 13.a4 g4 14.Nh4 gxh3 15.g3 Rg8 16.Kh2 Qc7
17.Nc4 O-O-O 18.Rfd1 Nd6 19.Nd2 f5 20.Bxc5 f4 21.Rg1 Bh6 22.Ndf3 Bg4 23.Qc2 Nf7
24.Rae1 b6 25.Ba3 c5 26.b3 Kb7 27.Bc1 Ng5 28.Nd2 fxg3+ 29.Rxg3 Ne6 30.Nc4 Bf4
31.Bxf4 exf4 32.Rgg1 f3+ 33.e5 Qe7 34.Nd6+ Rxd6 35.exd6 Qxd6+ 36.Rg3 Nf4
37.d4 Rd8 38.Qe4+ Kb8 39.dxc5 bxc5 40.Nxf3 Bxf3 41.Rxf3 Nd3+ 42.Kxh3 Nxe1
43.Qxe1 Qd7+ 44.Kh2 Qd6+ 45.Kg1 h4 46.Re3 Rg8+ 47.Kf1 Qd7 48.Qe2 h3 49.Qh5 Rg4
50.Qxh3 Qd1+ 51.Re1 Qd7 52.Qe3  1-0

[Event "Maccabiah IM1 2013"]
[Site "Jerusalem ISR"]
[Date "2013.07.23"]
[Round "4.4"]
[White "Aharon,O"]
[Black "Ujhazi,I"]
[Result "0-1"]
[WhiteElo "2307"]
[BlackElo "2221"]

1.e4 c5 2.Nf3 Nc6 3.Bb5 g6 4.Nc3 Bg7 5.O-O e5 6.a3 Nge7 7.b4 d6 8.h3 O-O
9.Rb1 Nd4 10.Bc4 Rb8 11.bxc5 dxc5 12.a4 Be6 13.Bxe6 Nxe6 14.d3 h6 15.Nd2 Kh7
16.Nc4 Nc6 17.Ba3 b6 18.Kh2 f5 19.f3 Nf4 20.a5 Nd4 21.g3 Nfe6 22.axb6 axb6
23.Nb5 Nxb5 24.Rxb5 Nd4 25.Rb2 fxe4 26.fxe4 Rxf1 27.Qxf1 b5 28.Nxe5 b4 29.Qf7 Qg5
30.Nd7 Qd2+ 31.Kh1 Qd1+ 32.Kg2 Qe2+ 33.Qf2 Qxf2+ 34.Kxf2 Rb7 35.Bxb4 cxb4
36.Nc5 Rf7+ 37.Kg2 Rc7 38.Rxb4 Rxc5 39.c4 Ra5 40.Rb2 Ra3 41.Rd2 Nb3 42.Rd1 Ra2+
43.Kf3 Nd4+ 44.Kg4 h5+ 45.Kf4 Rf2+ 46.Ke3 Rf3+ 47.Kd2 Rxg3 48.h4 Rg4 49.Kc3 Rxh4
50.c5 Rh2 51.Kc4 Rc2+ 52.Kd5 h4 53.e5 Nf5 54.Rh1 g5 55.e6 Rd2 56.c6 Kg6 57.Kc5 Rxd3
58.c7 Rc3+ 59.Kb6 Be5  0-1

[Event "31st Andorra Open"]
[Site "La Massana AND"]
[Date "2013.07.23"]
[Round "4.15"]
[White "Ballester Llagaria,L"]
[Black "Wegerle,J"]
[Result "1/2-1/2"]
[WhiteElo "2259"]
[BlackElo "2445"]

1.e4 c5 2.Nf3 Nc6 3.Bb5 e6 4.O-O Nge7 5.b3 a6 6.Bxc6 Nxc6 7.Bb2 f6 8.d4 cxd4
9.Nxd4 Be7 10.Qh5+ g6 11.Qh6 Kf7 12.Nf3 Qf8 13.Qf4 d6 14.c4 Kg7 15.Nc3 e5
16.Qd2 Be6 17.Nd5 Bxd5 18.cxd5 Nb8 19.Rac1 Qd8 20.a4  1/2-1/2

[Event "28th Avoine Open"]
[Site "Avoine FRA"]
[Date "2013.07.24"]
[Round "5.18"]
[White "Mevel,A"]
[Black "Caille,Hugo"]
[Result "1-0"]
[WhiteElo "2246"]
[BlackElo "1792"]

1.e4 c5 2.Nf3 Nc6 3.Bb5 e6 4.O-O Nf6 5.e5 Nd5 6.Nc3 Nc7 7.Bxc6 dxc6 8.d3 Be7
9.Ne4 O-O 10.Bg5 Bxg5 11.Nfxg5 h6 12.Qh5 Nd5 13.f4 f6 14.exf6 Nxf6 15.Nxf6+ Rxf6
16.Nf3 Rf5 17.Qh4 Qe8 18.Rae1 Bd7 19.Ne5 Rd8 20.g4 Rf8 21.f5 Bc8 22.f6 gxf6
23.Rxf6 Rxf6 24.Qxf6 Qf8 25.Rf1 Qxf6 26.Rxf6 Rd5 27.Nc4 Kg7 28.Rf2 b5 29.Na5 Bd7
30.Kg2 Rg5 31.Kf3 e5 32.h3 Be6 33.c4 bxc4 34.dxc4 h5 35.Rg2 hxg4+ 36.hxg4 Kf6
37.b3 Bc8 38.Ke3 Rg6 39.Nxc6 Rxg4 40.Rxg4 Bxg4 41.Nxa7 Bf5 42.Nb5 Ke7 43.Nc3 Kd6
44.Ne4+ Kc6 45.a3 Bg6 46.Nd2 Bc2 47.b4 cxb4 48.axb4 Bf5 49.Nf3 Kd6 50.Kd2 Bg6
51.Kc3 Be8 52.Nd2 Bc6 53.Nb3 Bd7 54.b5 Kc7 55.Kb4 e4 56.c5 e3 57.Nd4 Bg4
58.b6+ Kb7 59.Kc3 Bd7 60.Kd3 Ka6 61.Kc4 Bc8 62.Kd5 Bb7+ 63.Kd6 Bc8 64.Kc7  1-0

[Event "28th Avoine Open"]
[Site "Avoine FRA"]
[Date "2013.07.24"]
[Round "5.29"]
[White "Poignot,Q"]
[Black "Lemonnier,R"]
[Result "0-1"]
[WhiteElo "2201"]
[BlackElo "2073"]

1.e4 c5 2.Nf3 Nc6 3.Bb5 g6 4.Bxc6 dxc6 5.h3 Bg7 6.d3 Nf6 7.Nc3 e5 8.Be3 Qd6
9.O-O O-O 10.Qd2 Nh5 11.Bh6 f5 12.Bxg7 Nxg7 13.Nh2 Ne6 14.Ne2 g5 15.g3 h5
16.Kg2 Kf7 17.c3 b6 18.Rad1 Ba6 19.Qe3 Rg8 20.Qf3 Rad8 21.Qxh5+ Rg6 22.Ng4 Qf8
23.Nc1 Qg7 24.Ne3 Nf4+ 25.gxf4 gxf4+ 26.Kh2 Rh8 27.Nxf5 Rxh5 28.Nxg7 Rxg7
29.Rh1 Bc8  0-1

[Event "Maccabiah GM2 2013"]
[Site "Jerusalem ISR"]
[Date "2013.07.24"]
[Round "5.2"]
[White "Deutsch,E"]
[Black "Novik,Ma"]
[Result "1/2-1/2"]
[WhiteElo "2380"]
[BlackElo "2451"]

1.e4 c5 2.Nf3 Nc6 3.Bb5 g6 4.O-O Bg7 5.Nc3 e5 6.Bxc6 dxc6 7.d3 Qe7 8.h3 Nf6
9.Be3 O-O 10.Qc1 Ne8 11.Bh6 Nc7 12.Ne2 f6 13.Bxg7 Kxg7 14.Nh2 Be6 15.f4 Nb5
16.fxe5 fxe5 17.Nf3 Bg8 18.b3 h6 19.Qd2 a5 20.Nh2 Be6 21.Rxf8 Qxf8 22.c4 Nd4
23.Nxd4 cxd4 24.Rf1 Qe7 25.Nf3 Bg8 26.Qe1 b6 27.Qg3 Re8 28.Nh4 Qe6 29.Rf5 Bf7
30.Nf3 Qd6 31.Rxe5 a4 32.Kh2 Ra8 33.Rg5 Qxg3+ 34.Rxg3 c5 35.Ne5 axb3 36.axb3 Ra3
37.Rf3 Be8 38.h4 Rxb3 39.g4 b5 40.cxb5 Bxb5 41.g5 hxg5 42.hxg5 Rc3 43.Kg2 c4
44.dxc4 Bxc4 45.Rf6 Bb3 46.Rxg6+ Kh8 47.Rh6+ Kg7 48.Rd6 Bc2 49.Rxd4 Re3 50.Rd7+ Kf8
51.Rc7 Bxe4+ 52.Kf2 Rb3 53.Nd7+ Ke7 54.Nf6+ Kd6 55.Rd7+ Ke5 56.Re7+ Kf5 57.Nxe4 Ra3
58.Re8 Rb3 59.Kf1 Rb2 60.Re7 Ra2 61.Nf2 Kxg5 62.Rf7 Kg6 63.Rf3 Ra5 64.Ke2 Re5+
65.Kd3 Rf5 66.Rg3+ Kf6 67.Ng4+ Ke6 68.Ne3 Rf4 69.Rg5 Ra4 70.Nc4 Ra1 71.Ke4 Re1+
72.Ne3 Kd6 73.Kd4 Kc6 74.Rg6+ Kb5 75.Rg5+ Kc6 76.Ra5 Rh1 77.Rg5 Re1 78.Rg6+ Kb5
79.Nc2 Rd1+ 80.Ke4 Kc5 81.Rg5+ Kd6 82.Ne3 Re1 83.Kd4  1/2-1/2

[Event "Maccabiah GM1 2013"]
[Site "Jerusalem ISR"]
[Date "2013.07.24"]
[Round "5.3"]
[White "Finkel,A"]
[Black "Diamant,A"]
[Result "1-0"]
[WhiteElo "2500"]
[BlackElo "2469"]

1.e4 c5 2.Nf3 Nc6 3.Bb5 d6 4.O-O Bd7 5.Re1 Nf6 6.c3 a6 7.Bf1 Bg4 8.d3 e6
9.h3 Bh5 10.Nbd2 Be7 11.g4 Bg6 12.Nh4 Nd7 13.Nxg6 hxg6 14.f4 e5 15.f5 Bg5
16.Nf3 Bxc1 17.Qxc1 Nf6 18.Rb1 Qb6 19.Qg5 gxf5 20.exf5 Rg8 21.Bg2 O-O-O 22.c4 Nb4
23.d4 exd4 24.Re7 Rd7 25.Rxd7 Kxd7 26.Qh4 Kc8 27.g5 Nd7 28.Qe4 Nxa2 29.h4 Qb3
30.Re1 Qxb2 31.f6 gxf6 32.Bh3 Nc3 33.Bxd7+ Kxd7 34.Qe7+ Kc6 35.Qxf7 Ne2+
36.Kf2 Nf4+ 37.Kg3 fxg5 38.hxg5 Nd3 39.Rf1 Rh8 40.g6 Qe2 41.Nxd4+ cxd4 42.Qd5+ Kb6
43.Rb1+ Nb2 44.Qxd6+ Ka5 45.Qa3+  1-0

[Event "III Brazil Maringa Open"]
[Site "Maringa BRA"]
[Date "2013.07.25"]
[Round "3.18"]
[White "Chang,S"]
[Black "Utiyama,M"]
[Result "0-1"]
[WhiteElo "1998"]
[BlackElo "2185"]

1.e4 c5 2.Nf3 Nc6 3.Bb5 Nd4 4.Nxd4 cxd4 5.O-O g6 6.c3 Qb6 7.Bc4 Bg7 8.d3 e6
9.cxd4 Bxd4 10.Nc3 a6 11.Qe2 Ne7 12.Bh6 d6 13.Rac1 Bd7 14.Rc2 Nc6 15.Kh1 O-O-O
16.a3 Kb8 17.Qf3 f5 18.Qd1 Ne5 19.Bg7 Rhg8 20.Bxe5 dxe5 21.Qb1 Rgf8 22.Qa2 Ka7
23.Qb3 Qxb3 24.Bxb3 Bxc3 25.Rxc3 fxe4 26.Kg1 Bb5 27.a4 Bxd3 28.Rfc1 Rd6 29.h4 Rb6
30.Re1 Rb4 31.Re3 Rd8 32.Re1 Rd6  0-1

[Event "VIII Vladimir Dvorkovich Open"]
[Site "Taganrog RUS"]
[Date "2013.07.25"]
[Round "4.20"]
[White "Jakenberg,Jussi"]
[Black "Pataev,Adyan"]
[Result "1/2-1/2"]
[WhiteElo "2063"]
[BlackElo "1921"]

1.e4 c5 2.Nf3 Nc6 3.Bb5 g6 4.Bxc6 dxc6 5.d3 Bg7 6.h3 Nf6 7.Nc3 O-O 8.Be3 Nd7
9.Qd2 b6 10.O-O Qc7 11.Bh6 Bb7 12.Bxg7 Kxg7 13.a3 Rad8 14.Kh1 Qd6 15.Qg5 h6
16.Qg3 Qxg3 17.fxg3 Nf6 18.b4 Nd7 19.Na4 e6 20.bxc5 b5 21.Rfb1 Ba8 22.Nc3 Nxc5
23.a4 a6 24.d4 Nd7 25.axb5 axb5 26.Ra7 Nb6 27.Ne5 Nc4 28.Nxc4 bxc4 29.Rba1 g5
30.R1a6 Rb8 31.Na4 Bb7 32.Rb6 Ba8 33.Rxb8 Rxb8 34.Nc5 Kg6 35.Ra4 c3 36.Rc4 Rd8
37.Kg1 Rd6 38.e5 Rd5 39.Kf2 f6 40.Nxe6 fxe5 41.Nc7 Rxd4 42.Rxc3 Bb7 43.Rb3 Bc8
44.Rc3 Bb7 45.Rb3 Bc8 46.Rc3 Bb7  1/2-1/2

[Event "28th Avoine Open"]
[Site "Avoine FRA"]
[Date "2013.07.26"]
[Round "7.25"]
[White "Burri,Quentin"]
[Black "Bizovi,M"]
[Result "0-1"]
[WhiteElo "1971"]
[BlackElo "2137"]

1.e4 c5 2.Nf3 Nc6 3.Bb5 e6 4.Bxc6 bxc6 5.b3 Ne7 6.Bb2 Ng6 7.O-O f6 8.e5 Be7
9.d3 O-O 10.Nbd2 Qc7 11.exf6 gxf6 12.c3 Rf7 13.d4 cxd4 14.cxd4 Ba6 15.Ne4 Bxf1
16.Qxf1 Raf8 17.Ng3 Nf4 18.Bc1 Bd6 19.Bxf4 Bxf4 20.Qc4 Bxg3 21.hxg3 Qa5 22.Nh2 Rg7
23.Nf1 Rg6 24.Qc5 Qxc5 25.dxc5 Rg5 26.b4 Rb8 27.f4 Rd5 28.Ne3 Rd3 29.Nc2 Rc3
30.Nd4 Rxb4 31.Nb3 Rxg3 32.Rd1 Rg7 33.Rf1 Re4 34.Rf3 Re2 35.Rf2 Rxf2 36.Kxf2 Kf7
37.Kf3 h5 38.g3 Rg8 39.Ke2 Rb8 40.Kd3 Rb4 41.Kc3 Ra4  0-1